| 000 | 00416nam a22001697a 4500 | ||
|---|---|---|---|
| 003 | CEME | ||
| 005 | 20210628202546.0 | ||
| 008 | 210316b xxu||||| |||| 00| 0 eng d | ||
| 020 | _a81-7319-040-2 | ||
| 040 | _c. | ||
| 082 | _a515 PON'F | ||
| 100 |
_aPonnusamy, S _958032 |
||
| 245 | _aFoundations of complex analysis ,with 99 figures | ||
| 260 |
_aNEW DELHI _bNAROSA _c1995 |
||
| 300 | _a464P | ||
| 942 |
_cBK _2ddc |
||
| 999 |
_c570190 _d570190 |
||